[Event "Challenge"]
[Site "http://www.queenalice.com/game.php?id=425270"]
[Date "2008.6.30"]
[Round "-"]
[White "Adinirso"]
[Black "brianrintoul"]
[Result "1-0"]
[WhiteElo "1490"]
[BlackElo "1262"]

1. e4 d5 2. exd5 Qxd5 3. Nc3 Qe5+ 4. Nce2 e6 5. Nf3 Qf6 6. a3 Bc5 7. d3 g5 8. h3
h6 9. d4 Bxd4 10. Nfxd4 c6 11. c3 Ne7 12. Be3 O-O 13. Ng3 Nd5 14. Qd2 a5 15. Ne4
Qe5 16. Bd3 Na6 17. Bxa6 Qxe4 18. Bf1 c5 19. Nf3 Ra6 20. Bxa6 bxa6 21. O-O Nf6
22. Bxc5 Re8 23. Rfe1 Qc4 24. Bd4 g4 25. Ne5 Qc7 26. hxg4 a4 27. Qxh6 Nh7 28.
Re3 Qb7 29. Nd3 Qd5 30. Nf4 Qc6 31. Rh3 Bb7 32. Qxh7+ Kf8 33. Bf6 e5 34. Qh8#
1-0

[Event "Kraj´s Challenge"]
[Site "http://www.queenalice.com/game.php?id=427818"]
[Date "2008.7.5"]
[Round "-"]
[White "brianrintoul"]
[Black "Krajnicov"]
[Result "0-1"]
[WhiteElo "1260"]
[BlackElo "1455"]

1. c4 e5 2. e4 Bc5 3. Nf3 Qf6 4. Qe2 g5 5. d3 g4 6. Ng5 d6 7. Qxg4 Bxg4 8. Kd2
Qxf2+ 9. Kc3 Qe1+ 10. Kb3 Bd1# 0-1

[Event "Challenge"]
[Site "http://www.queenalice.com/game.php?id=432907"]
[Date "2008.7.14"]
[Round "-"]
[White "Sigmund"]
[Black "brianrintoul"]
[Result "1-0"]
[WhiteElo "1691"]
[BlackElo "1253"]

1. Nc3 e5 2. Nf3 Nc6 3. d4 exd4 4. Nxd4 Nxd4 5. Qxd4 Nf6 6. e4 d6 7. Bc4 Ng4 8.
O-O Qh4 9. h3 Rg8 10. Qd5 Be6 11. Qxb7 Rd8 12. Qxc7 Qg5 13. Bb5+ Rd7 14. Qc8+
Ke7 15. Bxd7 Qe5 16. g3 Bxd7 17. f4 Qd4+ 18. Kg2 Bxc8 19. Re1 Nf2 20. Be3 Qc4
21. Bxf2 h6 22. e5 d5 23. Rad1 g5 24. Nxd5+ Ke6 25. f5+ Kxf5 26. Ne3+ Ke4 27.
Nxc4+ Kf5 28. g4+ Kg6 29. e6 fxe6 30. Ne5+ Kh7 31. Nd7 Bd6 32. Nf6+ Kg7 33. Bd4
Rf8 34. Ne8+ Kf7 35. Nxd6+ Ke7 36. Bc5 a5 37. Nxc8+ Kf6 38. Bxf8 Kf7 39. Rf1+
Ke8 40. Bxh6 e5 41. Rf8# 1-0

[Event "Challenge"]
[Site "http://www.queenalice.com/game.php?id=433126"]
[Date "2008.7.14"]
[Round "-"]
[White "RicardoFialho"]
[Black "brianrintoul"]
[Result "1-0"]
[WhiteElo "1771"]
[BlackElo "1266"]

1. e4 d5 2. exd5 Qxd5 3. Nc3 Qf5 4. Nf3 e5 5. Be2 e4 6. Nd4 Bc5 7. Nxf5 Bxf5 8.
Nd5 Bd6 9. Bg4 Bg6 10. O-O c6 11. Nc3 Nf6 12. Bh3 O-O 13. Re1 h5 14. d3 Re8 15.
a3 Bh7 16. Bg5 Nd5 17. Nxd5 cxd5 18. dxe4 dxe4 19. Qxd6 Nc6 20. Bd7 Red8 21.
Bxd8 Rxd8 22. Qc7 Rf8 23. Bxc6 bxc6 24. Qxc6 f5 25. Rad1 Bg6 26. Qc7 f4 27. Rd8
e3 28. Rxf8+ Kxf8 29. fxe3 Be4 30. Qxf4+ Kg8 31. Qxe4 a5 32. Rd1 Kf7 33. Qf5+
Ke7 34. Rd7+ Ke8 35. Qf7# 1-0

[Event "Challenge"]
[Site "http://www.queenalice.com/game.php?id=435239"]
[Date "2008.7.18"]
[Round "-"]
[White "rogerio_88"]
[Black "brianrintoul"]
[Result "0-1"]
[WhiteElo "1217"]
[BlackElo "1269"]

1. d4 d5 2. Nc3 Nf6 3. g3 Nc6 4. Bg2 Nb4 5. a3 Na6 6. Nf3 c6 7. O-O Qa5 8. a4
Ng4 9. h3 Nf6 10. Rb1 Qc7 11. Ne5 e6 12. Bf4 h6 13. Nf3 Bb4 14. Bxc7 Nxc7 15. b3
g5 16. Na2 O-O 17. Nxb4 Na6 18. Nd3 Ne4 19. Nfe5 Nc3 20. Qc1 Nxe2+ 21. Kh1 Nxc1
22. Rbxc1 f6 23. Ng6 Rf7 24. h4 Kg7 0-1

[Event "Challenge"]
[Site "http://www.queenalice.com/game.php?id=437504"]
[Date "2008.7.23"]
[Round "-"]
[White "Lestat"]
[Black "brianrintoul"]
[Result "1-0"]
[WhiteElo "1402"]
[BlackElo "1269"]

1. e4 e5 2. Bc4 Qf6 3. Nf3 Bc5 4. d3 h6 5. Nc3 g5 6. Nd5 Qd6 7. O-O Nf6 8. Nxf6+
Qxf6 9. Be3 Bd6 10. c3 b6 11. d4 O-O 12. dxe5 Bxe5 13. Nxe5 Qxe5 14. Qf3 Nc6 15.
Rad1 Na5 16. Bd4 Qd6 17. Bg7 Kxg7 18. Rxd6 Nxc4 19. Qf6+ Kg8 20. Rd4 Nxb2 21.
Rb1 Nd3 22. Rxd3 Bb7 23. Rxd7 1-0

[Event "camilleetgeorges"]
[Site "http://www.queenalice.com/game.php?id=437575"]
[Date "2008.7.23"]
[Round "3"]
[White "Maffu"]
[Black "brianrintoul"]
[Result "1-0"]
[WhiteElo "1624"]
[BlackElo "1255"]

1. e4 e5 2. Nc3 Bc5 3. f4 Qf6 4. Nf3 Qxf4 5. Bc4 Nf6 6. d3 Qg4 7. Bxf7+ Kxf7 8.
Nxe5+ Ke6 9. Nxg4 Ne8 10. d4 Bb4 11. d5+ Ke7 12. Bg5+ Kf8 13. O-O+ Kg8 14. d6
Bxd6 15. Qd5# 1-0

[Event "intercâmbio cultural"]
[Site "http://www.queenalice.com/game.php?id=438025"]
[Date "2008.7.24"]
[Round "-"]
[White "Ehhhhhrley"]
[Black "brianrintoul"]
[Result "1-0"]
[WhiteElo "1500"]
[BlackElo "1255"]

1. e4 e5 2. Nc3 Bc5 3. Nf3 Qf6 4. a3 g5 5. Nd5 Qd6 6. Nxg5 Nh6 7. Qf3 Rg8 8.
Nf6+ Kf8 9. Nxg8 Kxg8 10. Bc4 a6 11. Bxf7+ Kg7 12. Qh5 Qe7 13. Bc4 c6 14. b4 b5
15. bxc5 bxc4 16. c3 Qxc5 17. O-O Bb7 18. Nf3 d6 19. d3 cxd3 20. Bxh6+ Kg8 21.
Qe8# 1-0

[Event "Invitation"]
[Site "http://www.queenalice.com/game.php?id=439026"]
[Date "2008.7.26"]
[Round "-"]
[White "Shallow_Blue"]
[Black "brianrintoul"]
[Result "1/2-1/2"]
[WhiteElo "1578"]
[BlackElo "1302"]

1. e4 e5 2. Nf3 Nc6 3. a3 a5 4. c4 Nf6 5. d3 h6 6. h4 Ng4 7. Nc3 Bc5 8. Be3 Bb6
9. c5 Ba7 10. b4 O-O 11. b5 Ne7 12. b6 cxb6 13. d4 bxc5 14. dxc5 Nc6 15. Nd2 Qf6
16. f3 Nxe3 17. Qb1 Bxc5 18. Bb5 Ne7 19. Rh2 Qf4 20. Rh3 d6 21. g3 Qf6 22. Rh1
Qg6 23. Ke2 Qxg3 24. Nc4 Ng2 25. Kd2 Qf2+ 26. Kd1 f6 27. Qd3 Nf4 28. Qd2 Qxf3+
29. Kc2 Bg4 30. Rhf1 Qg3 31. Nxd6 Rad8 32. Na4 Rxd6 33. Nxc5 Qxh4 34. Qxd6 Nc8
35. Qc7 Na7 36. Ba4 Qh2+ 37. Kc3 Qe2 38. Bb3+ Kh7 39. Qxb7 Qe3+ 40. Kc2 Qxc5+
41. Kb2 Rc8 42. Rac1 Qd6 43. Qxa7 Rb8 44. Rfd1 Qf8 45. Qxa5 Ra8 46. Qc7 Qxa3+
47. Kc3 Ne2+ 48. Kc2 Nd4+ 49. Rxd4 exd4 50. Qc4 f5 51. Qxd4 Ra6 52. Qd5 Rd6 53.
Qe5 Rb6 54. Rb1 h5 55. exf5 h4 56. f6 gxf6 57. Qe4+ f5 58. Qd5 h3 59. Qd7+ Kg6
60. Qe8+ Kg5 61. Qd8+ Rf6 62. Rf1 Be2 63. Rxf5+ Kxf5 64. Qd7+ Kg5 65. Qd2+ Kh4
66. Qxe2 Rb6 67. Qe4+ Kg3 68. Qe3+ Kh4 69. Qxb6 h2 70. Qf2+ Kh3 71. Qf3+ Kh4 72.
Qf4+ Kh3 73. Be6+ Kg2 74. Qg4+ Kf1 75. Bc4+ Kf2 76. Qd4+ Kg3 77. Qd1 Kg2 78.
Bd5+ Kg3 79. Qf1 Qc5+ 80. Bc4 Qf2+ 81. Qxf2+ Kxf2 82. Bd5 Kg1 83. Be4 h1=Q 84.
Bxh1 Kxh1 1/2-1/2

[Event "Challenge"]
[Site "http://www.queenalice.com/game.php?id=444930"]
[Date "2008.8.7"]
[Round "-"]
[White "Sigmund"]
[Black "brianrintoul"]
[Result "1-0"]
[WhiteElo "1709"]
[BlackElo "1256"]

1. e3 e5 2. d4 e4 3. Nc3 f5 4. Bc4 Nh6 5. b3 Ng4 6. Nh3 g6 7. f3 b6 8. Bb2 Nxe3
9. Qe2 Bh6 10. d5 c6 11. Bc1 Nxc4 12. Qxc4 b5 13. Qe2 Ba6 14. fxe4 Qe7 15. O-O
fxe4 16. Nxe4 b4 17. Bb2 Bxe2 18. d6 Qf7 19. Rxf7 Kxf7 20. Bxh8 Na6 21. Bb2 Re8
22. Nhg5+ Kf8 23. Re1 Bg4 24. Nxh7+ Kg8 25. Nhf6+ Kf8 26. Nxe8 Kxe8 27. Nf6+ Kf7
28. Re7+ Kf8 29. Nxg4 Bf4 30. Rxd7 Nc5 31. Rd8+ Kf7 32. Nf6 g5 33. d7 Ke7 34.
Re8+ Kf7 35. d8=Q Nb7 36. Qe7+ Kg6 37. Qh7# 1-0

[Event "Challenge"]
[Site "http://www.queenalice.com/game.php?id=446697"]
[Date "2008.8.10"]
[Round "-"]
[White "ReidoBaralho"]
[Black "brianrintoul"]
[Result "1-0"]
[WhiteElo "1293"]
[BlackElo "1283"]

1. d4 d5 2. Bf4 h6 3. Nc3 e6 4. Nb5 a6 5. Nxc7+ Ke7 6. Nxa8 g5 7. Nc7 gxf4 8.
Na8 Nc6 9. Qd2 e5 10. dxe5 Nxe5 11. Qxf4 Nc6 12. Nc7 Nf6 13. Rd1 Bg7 14. e4 d4
15. Nd5+ Kf8 16. Bc4 Nh5 17. Qd2 a5 18. h3 Nf6 19. Nf3 Nxe4 20. Qe2 Ng5 21. Nxg5
hxg5 22. O-O Qd6 23. Rde1 Kg8 24. Qe8+ Kh7 25. Qe4+ Kh6 26. Qf3 Bf8 27. Qxf7 Qc5
28. Qf6+ Kh7 29. Qf7+ Kh6 30. Be2 Bd6 31. Qf6+ Kh7 32. Bd3+ Kg8 33. Re8+ Bf8 34.
Qg6# 1-0

[Event "rafajeff"]
[Site "http://www.queenalice.com/game.php?id=448834"]
[Date "2008.8.15"]
[Round "2"]
[White "rafajeff"]
[Black "brianrintoul"]
[Result "1-0"]
[WhiteElo "1752"]
[BlackElo "1310"]

1. e4 e5 2. d3 Qf6 3. a3 Bc5 4. Be3 Bxe3 5. fxe3 h5 6. h4 Nh6 7. Nh3 Ng4 8. Qf3
Nxe3 9. Qxe3 Nc6 10. c3 Qe6 11. Be2 g6 12. Ng5 Qd6 13. Rf1 f6 14. Nh3 a6 15. b4
O-O 16. Qh6 Qe7 17. Qxg6+ Kh8 18. Rf5 Qg7 19. Qxh5+ Kg8 20. Nd2 d6 21. Rf3 Qxg2
22. O-O-O Qxe2 23. Rg3+ Qg4 24. Rxg4+ Bxg4 25. Qxg4+ Kf7 26. Rf1 Ke7 27. Qg7+
Ke8 28. Ng5 b5 29. Ne6 Rf7 30. Nxc7+ Ke7 31. Nd5+ Ke6 32. Rxf6+ Rxf6 33. Qxf6+
Kd7 34. Nb6+ Ke8 35. Nxa8 Nd8 36. Qxd6 Nb7 37. Nc7+ Kf7 38. Qe6+ Kf8 39. Nf3 Nd8
40. Qe8+ Kg7 41. Qxd8 Kg6 42. Qg5+ Kf7 43. Nxe5+ Kf8 44. Qf6+ Kg8 45. h5 Kh7 46.
h6 Kg8 47. Qg7# 1-0

[Event "Challenge"]
[Site "http://www.queenalice.com/game.php?id=462821"]
[Date "2008.9.14"]
[Round "-"]
[White "brianrintoul"]
[Black "Sigmund"]
[Result "1-0"]
[WhiteElo "1254"]
[BlackElo "1698"]

1. e4 e6 2. c4 d5 3. exd5 exd5 4. Qf3 dxc4 5. Bxc4 Be6 6. d3 c6 7. b4 Bxb4+ 8.
Bd2 a5 9. Qe3 Qf6 10. Nf3 Ne7 11. O-O O-O 12. Ne5 b5 13. Bb3 Bd6 14. Nf3 a4 15.
Bc2 Nd7 16. d4 Bd5 17. Qd3 Bc4 18. Qxh7# 1-0

[Event "Challenge"]
[Site "http://www.queenalice.com/game.php?id=463434"]
[Date "2008.9.15"]
[Round "-"]
[White "Drica"]
[Black "brianrintoul"]
[Result "1-0"]
[WhiteElo "1588"]
[BlackElo "1313"]

1. e4 e5 2. Qf3 Nf6 3. Bc4 a6 4. d3 b5 5. Bb3 c6 6. Nc3 Bb4 7. a3 Bc5 8. Be3 Bd6
9. g4 h5 10. gxh5 Rxh5 11. Qg3 Bf8 12. Nf3 Qa5 13. Nxe5 d6 14. Nf3 Be7 15. Qxg7
Rf5 16. exf5 Bxf5 17. Qxf7+ Kd7 18. h4 c5 19. Nd2 Nc6 20. Nd5 Rf8 21. Nxf6+ Kd8
22. Qd5 Qb6 23. Qxf5 Rxf6 24. Qd5 Ne5 25. Bg5 Rf5 26. Bxe7+ Kxe7 27. Qe6+ Kd8
28. Qxf5 b4 29. axb4 Qxb4 30. Qf8+ Kc7 31. Qe7+ Kc6 32. Rxa6+ Kb5 33. Qb7# 1-0

[Event "chessmaster"]
[Site "http://www.queenalice.com/game.php?id=465768"]
[Date "2008.9.20"]
[Round "-"]
[White "coleti"]
[Black "brianrintoul"]
[Result "0-1"]
[WhiteElo "839"]
[BlackElo "1308"]

1. e4 e5 2. Qf3 Nf6 3. Qf5 d6 4. Qg5 h6 5. Qg3 Nxe4 6. Qe3 Ng5 7. d4 a6 8. dxe5
d5 9. Nf3 b6 10. Nxg5 hxg5 11. Be2 f6 12. exf6+ Kd7 0-1

[Event "Challenge"]
[Site "http://www.queenalice.com/game.php?id=466987"]
[Date "2008.9.23"]
[Round "-"]
[White "Sigmund"]
[Black "brianrintoul"]
[Result "1-0"]
[WhiteElo "1718"]
[BlackElo "1308"]

1. c4 c5 2. e4 Qa5 3. Nc3 e5 4. Nf3 d6 5. d3 Be7 6. Bd2 Nc6 7. Nd5 Qd8 8. Be2
Be6 9. Ne3 Qb6 10. b3 O-O-O 11. O-O Nh6 12. Nf5 Nxf5 13. exf5 Bxf5 14. Bg5 f6
15. Bh4 g5 16. Bg3 g4 17. Nh4 Be6 18. Qc2 Nd4 19. Qd1 Qc6 20. f3 a6 21. fxg4 b5
22. Nf5 Nxf5 23. gxf5 Bxf5 24. Rxf5 Rhg8 25. Bf3 Qd7 26. Be4 d5 27. cxd5 Qc7 28.
Rc1 c4 29. dxc4 Qb6+ 30. Kh1 Qe3 31. cxb5+ Kb7 32. Bf3 Bc5 33. d6+ Kc8 34. Rxf6
axb5 35. b4 Kb8 36. Qf1 Bxb4 37. Qxb5+ Ka7 38. Qb7# 1-0

[Event "Invitation"]
[Site "http://www.queenalice.com/game.php?id=467669"]
[Date "2008.9.24"]
[Round "-"]
[White "Shallow_Blue"]
[Black "brianrintoul"]
[Result "1-0"]
[WhiteElo "1567"]
[BlackElo "1306"]

1. e4 e5 2. g4 c5 3. a3 a6 4. Nf3 d6 5. Rg1 Nf6 6. g5 Nxe4 7. d3 Nxf2 8. Kxf2 h6
9. g6 fxg6 10. Rxg6 Bf5 11. Rg3 Qb6 12. Kg2 Be7 13. Rxg7 Nd7 14. Be3 O-O-O 15.
a4 Qc6 16. Rxe7 Nf6 17. h3 Rhg8+ 18. Kh2 Nd5 19. Rxe5 Bg6 20. Bxh6 Rh8 21. Bg5
dxe5 22. Nxe5 Qd6 23. Qg4+ Kc7 24. Bf4 Bh5 25. Qg7+ Kb6 26. a5+ Kb5 27. d4+ Kb4
28. c3+ Kb3 29. Qg2 Nxf4 30. Ra3# 1-0

[Event "Invitation"]
[Site "http://www.queenalice.com/game.php?id=478960"]
[Date "2008.10.18"]
[Round "-"]
[White "Shallow_Blue"]
[Black "brianrintoul"]
[Result "0-1"]
[WhiteElo "1593"]
[BlackElo "1300"]

1. e4 e5 2. g3 c5 3. h4 Qa5 4. c3 c4 5. Bxc4 Nf6 6. d4 d6 7. dxe5 dxe5 8. a4
Nxe4 9. Ne2 Bc5 10. Rf1 Bh3 11. Rg1 Bxf2# 0-1